000 00623nam a2200193Ia 4500
005 20250317125918.0
008 008 250317s9999 xx 000 0 eng d
020 _a0-09-173944-6
037 _aTextbook
040 _aFMSL
_beng
_cFMSL
041 _aeng
_2eng
084 _aX65:5.1 M8
_qFMSL
100 _aGoldenberg Susan
_9243898
245 0 _aInternational ventures in action : How to establish management profit from international
260 _aAustralia
_bAustralia, Hutchinson Business Books
_c1988
300 _a254p
942 _cTB
_hX65:5.1 M8
999 _c1261482
_d1261482